00977cam a2200289 a 450000100090000000300040000900500170001300800410003001000170007102000150008802000220010304000180012505000220014308200190016510000290018424500450021325000120025826000440027030000250031465000290033965000370036885600890040590600450049494200120053999900150055195201210056611880684OSt20180117085952.0000103s2000 enk d 000 0 eng  a 00020286  a041522280X a0415222818 (pbk.) aDLCcDLCdDLC00aBC177b.W345 200000a153.4/3/032211 aWarburton, Nigel,d1962-10aThinking from A to Z /cNigel Warburton. a2nd ed. aLondon ;aNew York :bRoutledge,c2000. axi, 150 p. ;c21 cm. 0aReasoningvDictionaries. 0aCritical thinkingvDictionaries.423Publisher descriptionuhttp://www.loc.gov/catdir/enhancements/fy0650/00020286-d.html a7bcbccorignewd1eocipf20gy-gencatlg 2ddccBK c2925d2925 00102ddc40708NFICaCLbCLcGENd2016-03-26l5o153.4/3/03 WARpS3H-N-267r2023-08-29s2022-10-04w2016-03-26yBK